University Home | Library Home | Institutional Repository

British poetry since 1960 : (Record no. 84392)

MARC details
000 -LEADER
fixed length control field 00979cam2a220027700 4500
001 - CONTROL NUMBER
control field lce00994782
008 - FIXED-LENGTH DATA ELEMENTS--GENERAL INFORMATION
fixed length control field 740418s1972 enk b 001 0 eng d
010 ## - LIBRARY OF CONGRESS CONTROL NUMBER
Canceled/invalid LC control number 72172222
010 ## - LIBRARY OF CONGRESS CONTROL NUMBER
LC control number cn 74100346
015 ## - NATIONAL BIBLIOGRAPHY NUMBER
National bibliography number C74-100346-5
020 ## - INTERNATIONAL STANDARD BOOK NUMBER
International Standard Book Number 0902145738
035 ## - SYSTEM CONTROL NUMBER
System control number (Sirsi) r124829
035 ## - SYSTEM CONTROL NUMBER
System control number (DLC)cn 74100346
035 ## - SYSTEM CONTROL NUMBER
System control number (UPRA)lce00994782
040 ## - CATALOGING SOURCE
Original cataloging agency CaOONL
Language of cataloging eng
Transcribing agency CaOONL
043 ## - GEOGRAPHIC AREA CODE
Geographic area code e-uk---
045 ## - TIME PERIOD OF CONTENT
Time period code x6x7
100 1# - MAIN ENTRY--PERSONAL NAME
Personal name Schmidt, Michael, 1947-
Dates associated with a name Schmidt, Michael, 1947-
Linkage A93010.1
245 10 - TITLE STATEMENT
Title British poetry since 1960 :
Remainder of title a critical survey /
Statement of responsibility, etc. edited by Michael Schmidt and Grevel Lindop.
260 ## - PUBLICATION, DISTRIBUTION, ETC.
Place of publication, distribution, etc. Oxford, [Eng.] :
Name of publisher, distributor, etc. Carcanet Press,
Date of publication, distribution, etc. 1972.
500 ## - GENERAL NOTE
General note Includes index.
504 ## - BIBLIOGRAPHY, ETC. NOTE
Bibliography, etc. note "Bibliography, taken from the catalogue of the Arts Council Poetry Library", compiled by B. Atkinson: p. [260]-284.
700 1# - ADDED ENTRY--PERSONAL NAME
Personal name Lindop, Grevel, 1948-
Dates associated with a name Lindop, Grevel, 1948-
Linkage A93011.1
949 ## - LOCAL PROCESSING INFORMATION (OCLC)
a PR603
w lcc
i -179283
m MAIN
t BOOK
l ON-SHELF

No items available.

© 2026 - The University of Zambia Library - Koha v25.11